| 000 | 00881cab a2200241 4500 | ||
|---|---|---|---|
| 001 | WB3324-01 | ||
| 008 | 090401t1997 xxu||||| |||| 00| 0 eng d | ||
| 035 | _a(Sirsi) u79097 | ||
| 041 | _aeng | ||
| 245 | _aIntroduction of Construction Act terms | ||
| 260 | _c1997 | ||
| 350 | _a0 | ||
| 490 |
_aBuilding _v(24) 20 June 1997, 7(1) |
||
| 520 | _aBritain`s top 12 mechanical and electrical contractors have agreed to introduce the terms of the Construction Act into all their contractual relationships from October. The Joint Major Contractors Group code is to be launched on 21 July. | ||
| 650 | _aCODE OF PRACTICE | ||
| 650 | _aCONTRACTUAL RELATIONSHIPS | ||
| 650 | _aELECTRICAL CONTRACTORS | ||
| 650 | _aJOINT MAJOR CONTRACTORS GROUP | ||
| 650 | _aMECHANICAL CONTRACTORS | ||
| 690 | _aBUILT ENVIRONMENT-BUILDING CONTRACT FORMS | ||
| 942 | _n0 | ||
| 948 | _c20/06/1997 | ||
| 999 |
_c49711 _d49711 |
||